000
00290nas a2200121Ia 4500
008
230918c99999999xx |||||||||||| ||und||
040
_a
MAIN
041
_a
English
245
0
_a
Geography
260
_b
Geographical Association
_a
Sheffield S1 4BF
500
_a
United Kingdom
942
_c
BV
999
_c
233803
_d
233803